Medicine quest : (Record no. 4953)

MARC details
000 -LEADER
fixed length control field 00602nam a22001817a 4500
003 - CONTROL NUMBER IDENTIFIER
control field OSt
005 - DATE AND TIME OF LATEST TRANSACTION
control field 20251021021023.0
008 - FIXED-LENGTH DATA ELEMENTS--GENERAL INFORMATION
fixed length control field 251021b |||||||| |||| 00| 0 eng d
020 ## - INTERNATIONAL STANDARD BOOK NUMBER
International Standard Book Number 0-14-026210-5
040 ## - CATALOGING SOURCE
Original cataloging agency DWCL-Main lib
Transcribing agency OC
082 ## - DEWEY DECIMAL CLASSIFICATION NUMBER
Classification number Circ. 615.321 P729 2000
100 ## - MAIN ENTRY--PERSONAL NAME
Personal name Plotkin, M.
245 ## - TITLE STATEMENT
Title Medicine quest :
Remainder of title in search of nature's healing secrets
Statement of responsibility, etc. Plotkin, Mark J.
260 ## - PUBLICATION, DISTRIBUTION, ETC.
Place of publication, distribution, etc. New York :
Name of publisher, distributor, etc. Penguin Group,
Date of publication, distribution, etc. c2000
300 ## - PHYSICAL DESCRIPTION
Extent xvi, 224 pages :
Dimensions 20 cm.
504 ## - BIBLIOGRAPHY, ETC. NOTE
Bibliography, etc. note Includes index.
942 ## - ADDED ENTRY ELEMENTS (KOHA)
Source of classification or shelving scheme Dewey Decimal Classification
Koha item type Book Circulation
Classification part Circ. 615.321 P729 2000
Call number prefix Circ.
Suppress in OPAC No
952 ## - LOCATION AND ITEM INFORMATION (KOHA)
--
Holdings
Withdrawn status Lost status Source of classification or shelving scheme Damaged status Not for loan Home library Current library Shelving location Date acquired Source of acquisition Total Checkouts Full call number Barcode Date last seen Copy number Price effective from Koha item type Uniform Resource Identifier
    Dewey Decimal Classification     College Library College Library Circulation 12/15/2005 Donation   Circ. 615.321 P729 2000 CL42596 10/21/2025 c1 10/21/2025 BK-CIRC